00515nam a22001697a 450000500170000001000130001702000230003003500130005303700130006608200130007910000220009224500740011426000610018827000480024930000290029750000190032620180825162038.0 aA-817111 a8120310594c150.00 aA-817111 bBPPD/PUB a001.6424 aFulton, Jennifer  aThe complete idiots guide to upgrading your pc /cby Jennifer Fulton  aNew DelhibPrentice-Hall of India private limited c1996 aM-97, Connaught circus bNew delhi e110001 axviii, 331p. c25cm (Hb) aincludes index